[Event "grenke Chess Open 2025"]
[Site "Karlsruhe GER"]
[Date "2025.04.19"]
[Round "4.31"]
[White "Ten Hertog, Hugo"]
[Black "Fiedorek, Michal"]
[Result "1-0"]
[WhiteTitle "GM"]
[BlackTitle "FM"]
[WhiteElo "2528"]
[BlackElo "2305"]
[WhiteFideId "1026356"]
[BlackFideId "1199528"]
[EventDate "2025.04.17"]

1. c4 Nf6 2. Nf3 g6 3. b3 Bg7 4. Bb2 O-O 5. g3 d6 6. Bg2 e5 7. O-O Nc6 8. Nc3 h6
9. d4 e4 10. Ne1 Bf5 11. h3 h5 12. Nc2 Qd7 13. Kh2 Rfe8 14. Ne3 a6 15. Qd2 Rad8
16. Rad1 Ne7 17. d5 c5 18. dxc6 bxc6 19. Na4 Be6 20. Bc3 Nf5 21. Ba5 Nxe3 22.
Qxe3 Rb8 23. Nc5 Qe7 24. Nxe6 Qxe6 25. Bc7 Rb7 26. Bxd6 Nd5 27. cxd5 Qxd6 28.
dxc6 Qxc6 29. Rc1 Qb5 30. Rfd1 Rbe7 31. Rc4 h4 32. g4 Be5+ 33. Kg1 Bb8 34. Bxe4
Qe5 35. Qf3 Re6 36. Qg2 Qb2 37. Rc2 Qe5 38. Bd3 Rf6 39. Bc4 Rd6 40. Rxd6 Qxd6
41. Qf3 Re7 42. Bd5 Bc7 43. Rc6 Qh2+ 44. Kf1 Bd6 45. Qf6 Qxh3+ 46. Bg2 Qxg4 47.
Rxd6 Qxe2+ 48. Kg1 Qe1+ 49. Kh2 1-0

[Event "grenke Chess Open 2025"]
[Site "Karlsruhe GER"]
[Date "2025.04.19"]
[Round "4.32"]
[White "Kunin, Vitaly"]
[Black "Weber, Samuel"]
[Result "1/2-1/2"]
[WhiteTitle "GM"]
[BlackTitle "FM"]
[WhiteElo "2522"]
[BlackElo "2302"]
[WhiteFideId "4128737"]
[BlackFideId "12924008"]
[EventDate "2025.04.17"]

1. Nf3 Nf6 2. c4 Nc6 3. d4 e6 4. Nc3 Bb4 5. Qc2 d6 6. Bd2 O-O 7. a3 Bxc3 8. Bxc3
a5 9. e3 Re8 10. Rd1 Qe7 11. d5 Nb8 12. dxe6 Bxe6 13. Be2 Nbd7 14. O-O Bg4 15.
b3 Ne4 16. Ba1 f6 17. Nd4 Bxe2 18. Qxe2 Nec5 19. b4 axb4 20. axb4 Ne4 21. c5 Qf7
22. Qg4 d5 23. Nf5 h5 24. Nh6+ Kf8 25. Qxe4 Rxe4 26. Nxf7 Kxf7 27. Rxd5 Ke6 28.
Rxh5 Rxb4 29. Bd4 Rb5 30. g4 Raa5 31. Rc1 b6 32. cxb6 c5 33. Bc3 Ra4 34. h3 Rc4
35. Kg2 Rxb6 36. Rh8 Ne5 37. Re8+ Kf7 38. Rd8 Rb3 39. Bd2 Rxc1 40. Bxc1 c4 41.
Rc8 c3 42. e4 Nd3 43. Be3 c2 44. Bd2 Rb2 45. Rc3 c1=Q 46. Bxc1 Rxf2+ 47. Kg3 Rf1
48. Rxd3 Rxc1 49. h4 Rg1+ 50. Kf4 Rf1+ 51. Rf3 Rh1 52. h5 g6 53. Ke3 Kg7 54.
hxg6 Kxg6 55. Kf4 Re1 56. Rf2 Rg1 57. Rf3 Re1 58. Re3 Rf1+ 59. Kg3 Rg1+ 60. Kf3
Rf1+ 1/2-1/2

[Event "grenke Chess Open 2025"]
[Site "Karlsruhe GER"]
[Date "2025.04.19"]
[Round "4.33"]
[White "Gkavardinas, Antonios"]
[Black "Maksimovic, Bojan"]
[Result "0-1"]
[WhiteTitle "FM"]
[BlackTitle "IM"]
[WhiteElo "2302"]
[BlackElo "2512"]
[WhiteFideId "25883097"]
[BlackFideId "14408120"]
[EventDate "2025.04.17"]

1. e4 c5 2. Nf3 e6 3. d4 cxd4 4. Nxd4 Nc6 5. Nc3 a6 6. Be3 Nf6 7. a3 Be7 8. Be2
Qc7 9. f4 d5 10. exd5 Nxd5 11. Nxd5 exd5 12. O-O O-O 13. Bf3 Rd8 14. Qd3 Bf6 15.
c3 Ne7 16. Rad1 Bd7 17. Rfe1 Re8 18. g3 g6 19. Bf2 Rad8 20. Rd2 Qc8 21. Rde2 h5
22. h4 Kf8 23. Kh2 Kg8 24. Bg2 Bg4 25. Bf3 b5 26. Bxg4 hxg4 27. Nc2 Nf5 28. Bb6
Rxe2+ 29. Qxe2 Rd6 30. Qe8+ Qxe8 31. Rxe8+ Kg7 32. Bc5 Rd7 33. Nd4 Bxd4 34. cxd4
Rc7 35. Rd8 Ne3 36. Kg1 Rc6 37. Rd7 Re6 38. Bd6 Nf5 39. Be5+ Kf8 40. Rxd5 f6 41.
Bc7 Re3 42. Rd8+ Ke7 43. d5 Rxg3+ 44. Kh2 Rd3 45. d6+ Rxd6 46. Bxd6+ Kxd8 47.
Bb4 Kd7 48. Bc3 Ke6 49. Kg2 Nd6 50. Kg3 Kf5 51. Kg2 Ne4 0-1

[Event "grenke Chess Open 2025"]
[Site "Karlsruhe GER"]
[Date "2025.04.19"]
[Round "4.34"]
[White "Noe, Christopher"]
[Black "Charmeteau, Sven"]
[Result "1-0"]
[WhiteTitle "IM"]
[BlackTitle "FM"]
[WhiteElo "2508"]
[BlackElo "2298"]
[WhiteFideId "24692018"]
[BlackFideId "638285"]
[EventDate "2025.04.17"]

1. d4 Nf6 2. c4 g6 3. Nf3 Bg7 4. e3 O-O 5. Be2 c5 6. d5 d6 7. Nc3 e6 8. O-O exd5
9. cxd5 a6 10. a4 Nbd7 11. e4 Re8 12. Nd2 Qc7 13. Re1 Rb8 14. h3 g5 15. Nc4 b5
16. axb5 axb5 17. Na5 c4 18. Nc6 Rb7 19. Ra5 Nxe4 20. Nxb5 Qb6 21. Be3 Ndc5 22.
Bxc4 Bxb2 23. Nxd6 Nxd6 24. Bxc5 Qc7 25. Bxd6 Rxe1+ 26. Qxe1 Qxd6 27. Qe8+ Kg7
28. Qxc8 1-0

[Event "grenke Chess Open 2025"]
[Site "Karlsruhe GER"]
[Date "2025.04.19"]
[Round "4.35"]
[White "Bellahcene, Bilel"]
[Black "Ustianovich, Nazar"]
[Result "1/2-1/2"]
[WhiteTitle "GM"]
[BlackTitle "FM"]
[WhiteElo "2506"]
[BlackElo "2293"]
[WhiteFideId "696358"]
[BlackFideId "14109778"]
[EventDate "2025.04.17"]

1. e4 e5 2. Nf3 Nc6 3. Bb5 a6 4. Ba4 Nf6 5. d3 b5 6. Bb3 Bc5 7. Nc3 d6 8. Nd5 h6
9. Nxf6+ Qxf6 10. Bd5 Bd7 11. c3 Rb8 12. Be3 Ne7 13. Bb3 Ng6 14. Qd2 Bg4 15. Ng1
O-O 16. f3 Be6 17. Ne2 Bxe3 18. Qxe3 c5 19. Bxe6 Qxe6 20. g4 Nh4 21. Kf2 g5 22.
Ng3 f6 23. Nf5 Nxf5 24. gxf5 Qf7 25. h4 Kg7 26. b3 Rh8 27. Rh3 b4 28. c4 Qe7 29.
Rah1 Rbg8 30. Ke2 Kf8 31. Rg3 gxh4 32. Rxg8+ Kxg8 33. Qf2 Kh7 34. f4 Rg8 35.
Qxh4 Qf8 36. Rh2 exf4 37. Qxf4 Rg5 38. Ke3 Qe7 39. Rh3 h5 40. Rg3 Kh6 41. Kf2
Qe5 1/2-1/2

[Event "grenke Chess Open 2025"]
[Site "Karlsruhe GER"]
[Date "2025.04.19"]
[Round "4.36"]
[White "Hrebenshchykova, Yelyzaveta"]
[Black "Schlosser, Philipp"]
[Result "1/2-1/2"]
[WhiteTitle "WIM"]
[BlackTitle "GM"]
[WhiteElo "2296"]
[BlackElo "2481"]
[WhiteFideId "14159899"]
[BlackFideId "4600169"]
[EventDate "2025.04.17"]

1. e4 c5 2. Nf3 e6 3. d4 cxd4 4. Nxd4 a6 5. Bd3 Bc5 6. Nb3 Ba7 7. O-O Nc6 8. Qe2
Nge7 9. Be3 O-O 10. Bxa7 Rxa7 11. Rd1 d6 12. c4 e5 13. Qe3 Be6 14. Nc3 Ra8 15.
Bf1 Qb8 16. a4 b6 17. Qd2 Rd8 18. Nd5 a5 19. Nc1 Ra7 20. Ne2 h6 21. Ra3 Ng6 22.
Qe3 Rb7 23. Rb3 Bxd5 24. cxd5 Nb4 25. g3 Nf8 26. Bh3 b5 27. axb5 Rxb5 28. Nc3
Rb7 29. Qe2 Na6 30. Rxb7 Qxb7 31. Ra1 Qb6 32. Qb5 Qxb5 33. Nxb5 Nc5 34. Rxa5
Nxe4 35. Ra6 Rb8 36. Nxd6 Nxd6 37. Rxd6 Rxb2 38. Rd8 Rd2 39. d6 g6 40. Re8 Rxd6 1/2-1/2

[Event "grenke Chess Open 2025"]
[Site "Karlsruhe GER"]
[Date "2025.04.19"]
[Round "4.47"]
[White "Ovsepyan, Arshak"]
[Black "Czopor, Maciej"]
[Result "0-1"]
[BlackTitle "FM"]
[WhiteElo "2236"]
[BlackElo "2412"]
[WhiteFideId "24690236"]
[BlackFideId "21805431"]
[EventDate "2025.04.17"]

1. c4 Nf6 2. g3 g6 3. Bg2 Bg7 4. Nc3 O-O 5. e4 d6 6. Nge2 c5 7. O-O Nc6 8. Rb1
Ne8 9. a3 a5 10. d3 Nc7 11. Be3 Bg4 12. f3 Bd7 13. Qd2 a4 14. Bh6 Qb8 15. Bxg7
Kxg7 16. f4 b5 17. e5 dxe5 18. fxe5 Ra6 19. cxb5 Nxb5 20. Nxb5 Qxb5 21. Qc3 Bf5
22. Rbd1 Rd8 23. Nf4 Nd4 24. Rde1 Ne6 25. Be4 Nxf4 26. Rxf4 Bxe4 27. dxe4 e6 28.
Ref1 Ra7 29. Qf3 Rdd7 30. Rf6 c4 31. Qf4 h6 32. Rf2 Qc5 33. h4 Qe7 34. Kg2 Rac7
35. h5 g5 36. Qg4 Qe8 37. Qe2 Rd3 38. Qf1 Rcd7 39. Qc1 Qc8 40. Qf1 Qb7 41. Kh2
Rd2 42. Qxc4 Qxb2 43. Qc5 Rxf2+ 44. Rxf2 Qd4 45. Qc2 Qxe5 46. Qxa4 Rd3 47. Rg2
g4 48. Qc2 Rxa3 49. Qd1 Rf3 50. Qe1 Qxh5+ 51. Kg1 Qe5 52. Kh2 h5 53. Kg1 Qd4+
54. Kh2 h4 55. Re2 Rxg3 0-1

[Event "grenke Chess Open 2025"]
[Site "Karlsruhe GER"]
[Date "2025.04.19"]
[Round "4.48"]
[White "Biastoch, Bennet"]
[Black "Kowalski, Igor"]
[Result "1/2-1/2"]
[WhiteTitle "FM"]
[BlackTitle "IM"]
[WhiteElo "2234"]
[BlackElo "2407"]
[WhiteFideId "12939889"]
[BlackFideId "1172468"]
[EventDate "2025.04.17"]

1. e4 e5 2. Nf3 Nc6 3. Bc4 Nf6 4. d3 Bc5 5. Nc3 a6 6. a4 d6 7. Be3 Bxe3 8. fxe3
Be6 9. Nd2 Qd7 10. O-O h5 11. Nd5 Bxd5 12. Bxd5 Nxd5 13. exd5 Ne7 14. e4 h4 15.
Nc4 Ng6 16. Ne3 Nf4 17. Qg4 Qxg4 18. Nxg4 Rh5 19. Ne3 Rg5 20. Kf2 O-O-O 21. g3
hxg3+ 22. hxg3 Nh5 23. Rh1 c6 24. Rag1 Nf6 25. Rh4 cxd5 26. exd5 g6 27. Rgh1 Rh5
28. g4 Rxh4 29. Rxh4 Kd7 30. a5 Rf8 31. g5 Nh5 32. Rb4 Kc7 33. Nc4 f6 34. Nb6
fxg5+ 35. Kg1 Rf4 36. Rb3 Rg4+ 37. Kf1 Ng3+ 38. Kf2 Nf5 39. Rc3+ Kd8 40. Rc8+
Ke7 41. Rc7+ Ke8 42. Nc4 Rf4+ 43. Kg1 g4 44. Rxb7 g3 45. b4 Rf2 46. b5 Nd4 47.
Nxd6+ Kd8 48. Nf7+ Kc8 49. Nd6+ 1/2-1/2

[Event "grenke Chess Open 2025"]
[Site "Karlsruhe GER"]
[Date "2025.04.19"]
[Round "4.49"]
[White "Agrest, Inna"]
[Black "Faerber, David"]
[Result "1/2-1/2"]
[WhiteTitle "WIM"]
[WhiteElo "2227"]
[BlackElo "2398"]
[WhiteFideId "1708830"]
[BlackFideId "12971294"]
[EventDate "2025.04.17"]

1. e4 e5 2. Nf3 Nc6 3. Bb5 a6 4. Ba4 Nf6 5. O-O d6 6. Re1 Bd7 7. c3 g6 8. h3 g5
9. d4 g4 10. hxg4 Nxg4 11. Nbd2 h5 12. Nf1 h4 13. Ng5 Rg8 14. d5 Rxg5 15. dxc6
bxc6 16. Bxg5 Qxg5 17. Ne3 Nxe3 18. Rxe3 Bh6 19. Qf1 Qg4 20. Bd1 Qg6 21. Re1 Bd2
22. Re2 Bf4 23. Re1 Bd2 24. Re2 Bf4 25. Re1 1/2-1/2

[Event "grenke Chess Open 2025"]
[Site "Karlsruhe GER"]
[Date "2025.04.19"]
[Round "4.50"]
[White "Stork, Oliver"]
[Black "Melestean, Timur"]
[Result "1-0"]
[WhiteTitle "FM"]
[WhiteElo "2392"]
[BlackElo "2199"]
[WhiteFideId "12955728"]
[BlackFideId "16280385"]
[EventDate "2025.04.17"]

1. b3 d5 2. Bb2 Bg4 3. h3 Bh5 4. g4 Bg6 5. Bg2 e6 6. Nf3 Nf6 7. d3 Bd6 8. Nh4
O-O 9. Nd2 Nbd7 10. e3 c6 11. Qe2 Re8 12. Nxg6 hxg6 13. h4 e5 14. g5 Nh7 15. e4
d4 16. f4 exf4 17. Bxd4 Ndf8 18. Bb2 Ne6 19. O-O-O Bc5 20. Kb1 a5 21. Qg4 Qe7
22. Nc4 Red8 23. c3 Bf2 24. d4 b5 25. Ne5 Qc7 26. Nxg6 Be3 27. Ne5 Nhf8 28. g6
f6 29. Nf7 Rd7 30. h5 b4 31. h6 Nxg6 32. Qxe6 Rxf7 33. e5 Rc8 34. exf6 Nf8 35.
hxg7 1-0

[Event "grenke Chess Open 2025"]
[Site "Karlsruhe GER"]
[Date "2025.04.19"]
[Round "4.51"]
[White "Bassini, Emile"]
[Black "Skibbe, Willi"]
[Result "1-0"]
[WhiteTitle "FM"]
[BlackTitle "FM"]
[WhiteElo "2383"]
[BlackElo "2180"]
[WhiteFideId "26084074"]
[BlackFideId "4682190"]
[EventDate "2025.04.17"]

1. d4 d5 2. c4 c6 3. Nc3 Nf6 4. Nf3 e6 5. e3 Nbd7 6. Bd3 dxc4 7. Bxc4 b5 8. Bd3
b4 9. Na4 c5 10. Bd2 cxd4 11. Nxd4 Bb7 12. O-O Be7 13. Rc1 O-O 14. Qe2 Ne5 15.
Ba6 Qd5 16. Bxb7 Qxb7 17. Rc2 Rfc8 18. Rfc1 Rxc2 19. Rxc2 Rc8 20. Qb5 Qxb5 21.
Rxc8+ Qe8 22. Rxe8+ Nxe8 23. b3 Nf6 24. f4 Ne4 25. fxe5 Nxd2 26. Nc6 Bg5 27. Kf2
Ne4+ 28. Ke2 Nc3+ 29. Nxc3 bxc3 30. Nd4 Bd8 31. Kd3 Bc7 32. Nc6 Bb6 33. e4 Kf8
34. Kxc3 Ke8 35. Kc4 Kd7 36. Nb4 Bg1 37. h3 a5 38. Nd3 Kc6 39. Ne1 Bc5 40. Nc2
Bf2 41. Nd4+ Kb6 42. Nb5 Bg3 43. Nd6 f6 44. exf6 gxf6 45. Ne8 Be5 46. Ng7 f5 47.
Nxe6 fxe4 48. Nc5 1-0

[Event "grenke Chess Open 2025"]
[Site "Karlsruhe GER"]
[Date "2025.04.19"]
[Round "4.52"]
[White "Nied, Pascal"]
[Black "Garner, Isaac"]
[Result "0-1"]
[WhiteElo "2190"]
[BlackElo "2377"]
[WhiteFideId "16260597"]
[BlackFideId "16239261"]
[EventDate "2025.04.17"]

1. e4 c6 2. d4 d5 3. Nd2 dxe4 4. Nxe4 Nf6 5. Nxf6+ exf6 6. c3 Bd6 7. Bd3 O-O 8.
Qc2 Re8+ 9. Ne2 h5 10. O-O h4 11. Nf4 Nd7 12. Qd1 Nf8 13. Qh5 Bxf4 14. Bxf4 h3
15. g4 c5 16. Bc4 Be6 17. d5 Bd7 18. Rfe1 Qb6 19. b3 Qa5 20. Qxh3 Ng6 21. Qg3
Nxf4 22. Qxf4 Qxc3 23. Rec1 Qa5 24. h3 Re5 25. Rd1 Rd8 26. Qd2 Qb6 27. Qc3 Qd6
28. Qg3 Rde8 29. Kh2 g6 30. a4 Qb6 31. Qc3 Re4 32. Rd3 Qd6+ 33. Kg2 f5 34. g5 f4
35. Qf6 Qxf6 36. gxf6 R4e5 37. Kh2 Rf5 38. Bb5 Rd8 39. Bxd7 Rxd7 40. Rad1 Rxf6
41. Kg2 Rdd6 42. Kf3 Kf8 43. h4 Ke7 44. Re1+ Kd7 45. Rc1 b6 46. Rc4 Rf5 47. Rxf4
Rdf6 48. Rxf5 Rxf5+ 49. Kg4 Rxf2 50. Kg5 Rf5+ 0-1

[Event "grenke Chess Open 2025"]
[Site "Karlsruhe GER"]
[Date "2025.04.19"]
[Round "4.63"]
[White "Bossinger, Patrick"]
[Black "Heinemann, Josefine"]
[Result "0-1"]
[BlackTitle "WGM"]
[WhiteElo "2057"]
[BlackElo "2342"]
[WhiteFideId "16219759"]
[BlackFideId "12900460"]
[EventDate "2025.04.17"]

1. e4 c5 2. Nf3 d6 3. d4 cxd4 4. Qxd4 Nc6 5. Bb5 Bd7 6. Bxc6 Bxc6 7. Nc3 Nf6 8.
Bg5 e6 9. O-O Be7 10. Rad1 O-O 11. Rfe1 Qa5 12. Qd2 Qb6 13. Qd4 Qxd4 14. Nxd4
Rac8 15. f3 Rfd8 16. Rd3 Be8 17. Red1 a6 18. Kf1 b5 19. a3 h6 20. Be3 Nd7 21. f4
Nc5 22. R3d2 Rb8 23. b4 Nb7 24. Nb3 Rdc8 25. Bd4 Rc4 26. Ne2 Rbc8 27. c3 f6 28.
e5 Bc6 29. Ng3 Bd5 30. Rb2 dxe5 31. fxe5 fxe5 32. Bxe5 Bf6 33. Bxf6 gxf6 34. Ne2
Kf7 35. Kf2 Rh4 36. Kg1 Re4 37. Nbd4 Nd6 38. Ng3 Re5 39. Rd3 Nc4 40. Rb1 Re3 41.
Rbd1 Rxd3 42. Rxd3 Nb2 43. Ndf5 Nxd3 44. Nd6+ Ke7 45. Nxc8+ Kd7 46. Nb6+ Kc6 47.
Nc8 Nf4 48. Ne7+ Kd6 49. Ng8 f5 50. Nxh6 Bxg2 51. Nf7+ Kd5 52. Kf2 Kc4 53. h4
Bd5 54. h5 Nxh5 55. Nxh5 Kxc3 56. Ke3 Kb3 57. Kd4 Kxa3 58. Kc5 a5 59. Nd6 axb4
60. Nxb5+ Ka4 61. Nf4 Be4 62. Nxe6 b3 63. Ned4 b2 64. Kc4 Bd3+ 65. Kc5 Bxb5 66.
Nxb5 Kb3 67. Nd4+ Kc3 68. Nb5+ Kd3 69. Na3 f4 70. Kb4 f3 71. Kb3 f2 72. Kxb2
f1=Q 73. Nb1 Qe1 74. Ka2 Qc1 75. Na3 Kc3 76. Nb1+ Kb4 77. Ka1 Qc2 78. Na3 Qc3+
79. Kb1 Kb3 80. Nc4 Qe1# 0-1

[Event "grenke Chess Open 2025"]
[Site "Karlsruhe GER"]
[Date "2025.04.19"]
[Round "4.64"]
[White "Deboushnik De"]
[Black "Volkov, Mykyta"]
[Result "0-1"]
[BlackTitle "FM"]
[WhiteElo "2038"]
[BlackElo "2331"]
[WhiteFideId "25768778"]
[BlackFideId "24635910"]
[EventDate "2025.04.17"]

1. d4 e6 2. c4 Nf6 3. Nc3 Bb4 4. e3 O-O 5. Bd3 d5 6. Nf3 c5 7. O-O dxc4 8. Bxc4
Nc6 9. a3 Ba5 10. Qd3 Qe7 11. dxc5 Rd8 12. Qc2 Qxc5 13. Na4 Qh5 14. Be2 e5 15.
Ne1 Qh6 16. Bf3 e4 17. Bxe4 Nxe4 18. Qxe4 Be6 19. b4 Bc7 20. f4 Bd5 21. Qc2 Rac8
22. Nb2 Qe6 23. Qf2 Ne7 24. Ned3 Bb6 25. Re1 Be4 26. Qf1 Rc2 27. Nf2 Nf5 28.
Nbd1 Nh4 29. Nxe4 Rxg2+ 30. Qxg2 Nxg2 31. Kxg2 Qxe4+ 32. Kg1 Qxf4 33. Nf2 Qg5+
34. Kf1 Qe5 35. Ra2 Qxh2 36. Rd2 Re8 37. Bb2 h5 38. Bd4 h4 39. Ke2 Bxd4 40. Rxd4
Qg3 41. Ne4 Qg2+ 42. Kd3 h3 43. Re2 Qg1 44. Nf2 h2 45. Rh4 Qb1+ 46. Kc3 Rc8+ 47.
Kd4 Qf1 0-1

[Event "grenke Chess Open 2025"]
[Site "Karlsruhe GER"]
[Date "2025.04.19"]
[Round "4.65"]
[White "Skawinski, Arkadiusz"]
[Black "Langner, Robin"]
[Result "0-1"]
[WhiteTitle "FM"]
[WhiteElo "2329"]
[BlackElo "2061"]
[WhiteFideId "1126415"]
[BlackFideId "34606190"]
[EventDate "2025.04.17"]

1. Nf3 c5 2. g3 Nc6 3. Bg2 g6 4. O-O Bg7 5. d3 d6 6. e4 Rb8 7. c3 Nf6 8. d4 O-O
9. Re1 e5 10. h3 Re8 11. d5 Ne7 12. a4 Rf8 13. Nbd2 Ne8 14. Nc4 h6 15. Nh2 f5
16. exf5 gxf5 17. f4 e4 18. Kh1 Nf6 19. Ne3 Ng6 20. Rf1 b6 21. b4 Qe8 22. Rb1
cxb4 23. cxb4 Qf7 24. Bb2 Ne7 25. Bxf6 Bxf6 26. Rc1 Bb7 27. g4 Bxd5 28. Rc7 Bb3
29. Qxd6 Rbd8 30. Rd7 Nc8 31. Rxf7 Nxd6 32. Rc7 Bd4 33. Nxf5 Rxf5 34. Rb1 Ba2
35. Rd1 Rf7 36. Rxf7 Nxf7 37. Bxe4 Bb3 38. Rc1 Be3 39. Rc3 Rd1+ 40. Kg2 Bxf4 41.
Nf3 Bxa4 42. Rc8+ Rd8 43. Rc3 Ng5 44. Bb7 Bd1 45. Nh4 Rd2+ 46. Kf1 Ba4 47. Rc8+
Kf7 48. Nf5 Bb5+ 49. Ke1 Rh2 50. Rd8 Nxh3 51. Rd4 Re2+ 0-1

[Event "grenke Chess Open 2025"]
[Site "Karlsruhe GER"]
[Date "2025.04.19"]
[Round "5.1"]
[White "Vitiugov, Nikita"]
[Black "Costa, Leonardo"]
[Result "1/2-1/2"]
[WhiteTitle "GM"]
[BlackTitle "IM"]
[WhiteElo "2670"]
[BlackElo "2510"]
[WhiteFideId "4152956"]
[BlackFideId "16213955"]
[EventDate "2025.04.17"]

1. e4 e5 2. Nf3 Nc6 3. Bb5 a6 4. Ba4 Nf6 5. O-O Be7 6. Re1 b5 7. Bb3 O-O 8. h3
Bb7 9. d3 d6 10. a3 Qd7 11. Nc3 Nd8 12. Ne2 Ne6 13. Ng3 c5 14. Nf5 Rae8 15. c4
Kh8 16. Bd2 Bd8 17. cxb5 axb5 18. a4 g6 19. Ng3 Ba6 20. axb5 Bxb5 21. Ba4 Bc7
22. Bh6 Bxa4 23. Qxa4 Qxa4 24. Rxa4 Ra8 25. Rea1 Rxa4 26. Rxa4 Rb8 27. Bc1 1/2-1/2

[Event "grenke Chess Open 2025"]
[Site "Karlsruhe GER"]
[Date "2025.04.19"]
[Round "5.2"]
[White "Engel, Luis"]
[Black "Yuffa, Daniil"]
[Result "1/2-1/2"]
[WhiteTitle "GM"]
[BlackTitle "GM"]
[WhiteElo "2544"]
[BlackElo "2649"]
[WhiteFideId "12961523"]
[BlackFideId "24131423"]
[EventDate "2025.04.17"]

1. e4 c6 2. d4 d5 3. Nc3 dxe4 4. Nxe4 Nd7 5. Nf3 Ngf6 6. Nxf6+ Nxf6 7. c3 Bg4 8.
h3 Bxf3 9. Qxf3 e6 10. Bc4 Bd6 11. O-O Nd5 12. Bd3 Qf6 13. Qxf6 Nxf6 14. a4 a5
15. Be2 O-O-O 16. Bf3 Nd5 17. Re1 h6 18. g3 Kb8 19. Kg2 Rd7 20. h4 Be7 21. Bd2
Rhd8 22. Re2 Ka7 23. Be1 Kb8 24. h5 Nb6 25. Bg4 c5 26. dxc5 Bxc5 27. Bf3 Nc4 28.
b4 Bb6 29. Rb1 Ka7 30. bxa5 Bxa5 31. Re4 Nd2 32. Bxd2 Rxd2 33. Rd4 b6 34. Rxd8
Rxd8 35. c4 Rd7 36. Rd1 Rxd1 1/2-1/2

[Event "grenke Chess Open 2025"]
[Site "Karlsruhe GER"]
[Date "2025.04.19"]
[Round "5.3"]
[White "Muradli, Mahammad"]
[Black "Panjwani, Raja"]
[Result "1-0"]
[WhiteTitle "GM"]
[BlackTitle "IM"]
[WhiteElo "2588"]
[BlackElo "2443"]
[WhiteFideId "13409301"]
[BlackFideId "2604493"]
[EventDate "2025.04.17"]

1. Nf3 Nf6 2. c4 g6 3. Nc3 Bg7 4. d4 d6 5. e4 O-O 6. Be2 Na6 7. O-O e5 8. Be3 c6
9. d5 Ng4 10. Bg5 f6 11. Bh4 c5 12. a3 Bd7 13. Rb1 Qe7 14. Ne1 Nh6 15. f3 Nf7
16. b4 b6 17. Nc2 Bh6 18. Kh1 Bg5 19. Bf2 f5 20. a4 Rfc8 21. b5 Nc7 22. exf5
gxf5 23. g4 Ne8 24. gxf5 Bxf5 25. Bd3 Bxd3 26. Qxd3 Kh8 27. Ne4 Bh4 28. Bxh4
Qxh4 29. Ne3 Ng7 30. f4 exf4 31. Ng2 Qh6 32. Rxf4 Ne5 33. Qe3 Rg8 34. Rbf1 Nh5
35. Rf5 Rg6 36. Qxh6 Rxh6 37. Ne3 Rg8 38. Rf8 Rg6 39. Rxg8+ Rxg8 40. Nxd6 Nd3
41. Nf7+ Kg7 42. Nf5+ Kxf7 43. Nh6+ Kg7 44. Nxg8 Kxg8 45. d6 Ndf4 46. d7 Ne6 1-0

[Event "grenke Chess Open 2025"]
[Site "Karlsruhe GER"]
[Date "2025.04.19"]
[Round "5.4"]
[White "Aswath, S"]
[Black "Jacobson, Brandon"]
[Result "1-0"]
[WhiteTitle "IM"]
[BlackTitle "GM"]
[WhiteElo "2466"]
[BlackElo "2570"]
[WhiteFideId "46694919"]
[BlackFideId "30901561"]
[EventDate "2025.04.17"]

1. e4 e5 2. Nf3 Nc6 3. Bc4 Bc5 4. c3 Nf6 5. d3 d6 6. O-O a6 7. a4 Ba7 8. Re1 h6
9. Nbd2 g5 10. b4 Nh7 11. Kh1 O-O 12. Rf1 Ne7 13. Ng1 Kg7 14. d4 f5 15. dxe5
dxe5 16. exf5 Bxf5 17. Ne2 Bd3 18. Bxd3 Qxd3 19. f3 Nf6 20. Ng3 Qxc3 21. Rb1
Rad8 22. Qe2 Ng6 23. Nc4 Qd3 24. Qxd3 Rxd3 25. Bb2 Re8 26. Na5 b5 27. Nc6 Bb6
28. a5 Bd4 29. Nxd4 exd4 30. Bxd4 Kf7 31. Bxf6 Kxf6 32. Rfc1 Ne5 33. Rxc7 Kg6
34. Ra7 Re6 35. Ne4 Rc6 36. h3 h5 37. Re1 Rd5 38. Ra8 Nd3 39. Rb1 Kg7 40. Ra7+
Kg6 41. Rb7 Re5 42. Kh2 Ree6 43. Rd1 Nxb4 44. Rd4 Na2 45. Rdd7 Nc3 46. Rg7+ Kf5 1-0

[Event "grenke Chess Open 2025"]
[Site "Karlsruhe GER"]
[Date "2025.04.19"]
[Round "5.5"]
[White "Kazakouski, Valery"]
[Black "Degardin, Sylvain"]
[Result "1-0"]
[WhiteTitle "GM"]
[BlackTitle "FM"]
[WhiteElo "2563"]
[BlackElo "2296"]
[WhiteFideId "13507443"]
[BlackFideId "20623070"]
[EventDate "2025.04.17"]

1. e4 e5 2. Nf3 Nc6 3. Bc4 Nf6 4. d3 Be7 5. O-O O-O 6. a4 d6 7. Nc3 h6 8. Re1
Re8 9. a5 a6 10. h3 Bf8 11. Be3 Ne7 12. d4 Ng6 13. Ba2 Be6 14. Bxe6 Rxe6 15. d5
Re8 16. Nd2 Be7 17. g3 Qd7 18. Kg2 Nh7 19. Qg4 Qxg4 20. hxg4 Bg5 21. Na4 Bxe3
22. Rxe3 Nf6 23. f3 c6 24. c4 cxd5 25. exd5 Rac8 26. Rae1 Rc7 27. b3 Nf8 28. Nc3
Rb8 29. Nde4 Ne8 30. f4 f6 31. Na4 Nd7 32. Nb6 g6 33. f5 h5 34. Nf2 hxg4 35.
Nxg4 Kg7 36. Rf3 Nxb6 37. axb6 Rf7 38. Ne3 gxf5 39. Nxf5+ Kg6 40. Nh4+ Kg7 41.
g4 Rd8 42. Ref1 Rdd7 43. b4 Kf8 44. Nf5 Rh7 45. Ne3 Rh4 46. Rh3 Rxh3 47. Kxh3
Rh7+ 48. Kg3 Ke7 49. c5 Kd7 50. Rc1 Rh8 51. c6+ Kc8 52. Nf5 Rh7 53. c7 1-0

[Event "grenke Chess Open 2025"]
[Site "Karlsruhe GER"]
[Date "2025.04.19"]
[Round "5.6"]
[White "Buckels, Valentin"]
[Black "Amar, Elham"]
[Result "1/2-1/2"]
[WhiteTitle "IM"]
[BlackTitle "GM"]
[WhiteElo "2440"]
[BlackElo "2546"]
[WhiteFideId "12942766"]
[BlackFideId "1533533"]
[EventDate "2025.04.17"]

1. d4 Nf6 2. Nf3 d5 3. Bf4 c5 4. e3 Nc6 5. Be2 Bg4 6. Nbd2 e6 7. O-O cxd4 8.
exd4 Bd6 9. Bxd6 Qxd6 10. c3 Qc7 11. Ne5 Nxe5 12. dxe5 Bxe2 13. Qxe2 Nd7 14.
Rfe1 Rc8 15. Nb3 O-O 16. Rad1 Rfe8 17. Rd3 f6 18. exf6 Nxf6 19. Qe5 Qxe5 20.
Rxe5 Nd7 21. Re2 Nc5 22. Nxc5 Rxc5 23. f4 g6 24. Re5 a5 25. Rde3 Kf7 26. Kf2 Rc4
27. Kf3 h5 28. g3 b5 29. Ke2 b4 30. Kd2 bxc3+ 31. Rxc3 Rxc3 32. Kxc3 Rc8+ 33.
Kd2 h4 34. b3 hxg3 35. hxg3 Rh8 36. a3 Rh2+ 37. Re2 Rh3 38. Re3 Rh2+ 39. Re2 Rh3
40. Re3 Rh2+ 41. Re2 Rh3 42. Re3 Rh2+ 1/2-1/2